II PUC geography (Record no. 236389)

MARC details
000 -LEADER
fixed length control field 00432nam a2200193Ia 4500
003 - CONTROL NUMBER IDENTIFIER
control field OSt
005 - DATE AND TIME OF LATEST TRANSACTION
control field 20251115110013.0
008 - FIXED-LENGTH DATA ELEMENTS--GENERAL INFORMATION
fixed length control field 250729s2005 xx 000 0 und d
040 ## - CATALOGING SOURCE
Transcribing agency AL
041 ## - LANGUAGE CODE
Language code of text/sound track or separate title eng
082 ## - DEWEY DECIMAL CLASSIFICATION NUMBER
Classification number 910 MALG
100 ## - MAIN ENTRY--PERSONAL NAME
Personal name Mallappa P
9 (RLIN) 224401
245 ## - TITLE STATEMENT
Title II PUC geography
260 ## - PUBLICATION, DISTRIBUTION, ETC.
Place of publication, distribution, etc. Mysore
Date of publication, distribution, etc. 2005
300 ## - PHYSICAL DESCRIPTION
Extent 288p
650 ## - SUBJECT ADDED ENTRY--TOPICAL TERM
Topical term or geographic name entry element Geography
9 (RLIN) 224402
700 ## - ADDED ENTRY--PERSONAL NAME
Personal name Sylvetta M
9 (RLIN) 224403
942 ## - ADDED ENTRY ELEMENTS (KOHA)
Source of classification or shelving scheme Dewey Decimal Classification
Koha item type School of Education
Holdings
Withdrawn status Lost status Damaged status Not for loan Home library Current library Date acquired Source of acquisition Cost, normal purchase price Total Checkouts Full call number Barcode Date last seen Cost, replacement price Price effective from Koha item type
        St Aloysius Library St Aloysius Library 07/29/2025 School Book Company 125.00   910 MALG BED01708 07/29/2025 125.00 07/29/2025 Book